Sao Paulo em quatro seculos (Record no. 7443)
[ view plain ]
| 000 -CABECERA | |
|---|---|
| campo de control de longitud fija | 01188nam a2200253 a 4500 |
| 001 - NÚMERO DE CONTROL | |
| campo de control | BRCA_7769 |
| 005 - FECHA Y HORA DE LA ÚLTIMA TRANSACCIÓN | |
| campo de control | 20190320210002.0 |
| 008 - DATOS DE LONGITUD FIJA--INFORMACIÓN GENERAL | |
| campo de control de longitud fija | 300913m19531954bl-ac#####---#000-0#por-# |
| 041 ## - CÓDIGO DE LENGUA | |
| Código de lengua del texto/banda sonora o título independiente | por |
| 044 ## - CÓDIGO DEL PAÍS DE LA ENTIDAD EDITORA/PRODUCTORA | |
| Código MARC del país | bl |
| 050 #4 - SIGNATURA TOPOGRÁFICA DE LA BIBLIOTECA DEL CONGRESO | |
| Número de clasificación | F2631 |
| Número de documento/Ítem | .S26 1953 |
| 245 10 - MENCIÓN DE TÍTULO | |
| Título | Sao Paulo em quatro seculos |
| Resto del título | temas sobre algunos aspectos da historia e da geografia de Sao Paulo e assuntos correlatos, obra comemorativa organizada pelo Instituto Histórico e Geografico de Sao Paulo e editada sob os auspicios da Comissao do IV Centenario da Cidade de Sao Paulo. |
| Mención de responsabilidad, etc. | Compiladores Afonso de Escragnolle Taunay ... [et al.]. |
| 260 ## - PUBLICACIÓN, DISTRIBUCIÓN, ETC. | |
| Lugar de publicación, distribución, etc. | Sao Paulo, Brasil |
| Nombre del editor, distribuidor, etc. | Instituto Histórico e Geográfico de Sao Paulo |
| Fecha de publicación, distribución, etc. | 1954 |
| 300 ## - DESCRIPCIÓN FÍSICA | |
| Extensión | 387 p. |
| Otras características físicas | il., fot. |
| Dimensiones | 23 cm. |
| Material acompañante/anejo | Un sobre con pósters ilustados a color del evento |
| 500 ## - NOTA GENERAL | |
| Nota general | La biblioteca cuenta con el ejemplar numerado v.2 |
| 500 ## - NOTA GENERAL | |
| Nota general | X7 |
| 651 #4 - PUNTO DE ACCESO ADICIONAL DE MATERIA--NOMBRE GEOGRÁFICO | |
| Nombre geográfico | Sao Paulo, Brasil (Ciudad) |
| Subdivisión de forma | Centenario |
| 9 (RLIN) | 19232 |
| 651 #4 - PUNTO DE ACCESO ADICIONAL DE MATERIA--NOMBRE GEOGRÁFICO | |
| Nombre geográfico | Sao Paulo, Brasil |
| Subdivisión de forma | Historia |
| 9 (RLIN) | 19233 |
| 700 1# - PUNTO DE ACCESO ADICIONAL--NOMBRE DE PERSONA | |
| Nombre de persona | Leite Cordeiro, José Pedro |
| Término indicativo de función/relación | comp. |
| 9 (RLIN) | 19234 |
| 700 1# - PUNTO DE ACCESO ADICIONAL--NOMBRE DE PERSONA | |
| Nombre de persona | Ferreira, Tito Livio |
| Término indicativo de función/relación | comp. |
| 9 (RLIN) | 19235 |
| 710 2# - PUNTO DE ACCESO ADICIONAL--NOMBRE DE ENTIDAD CORPORATIVA | |
| Nombre de entidad corporativa o nombre de jurisdicción como elemento de entrada | Instituto Histórico e Geográfico de Sao Paulo |
| 9 (RLIN) | 19236 |
| 902 ## - CATALOGADOR | |
| Iniciales | GFM |
| 942 ## - ELEMENTOS DE PUNTO DE ACCESO ADICIONAL (KOHA) | |
| Fuente del sistema de clasificación o colocación | Library of Congress Classification |
| Tipo de ítem Koha | Libros |
| Estado de retiro | Estado de pérdida | Estado dañado | No para préstamo | Localización permanente | Ubicación/localización actual | Fecha de adquisición | Número de inventario | Total de préstamos | Signatura topográfica completa | Código de barras | Fecha visto por última vez | Precio válido a partir de | Tipo de ítem Koha |
|---|---|---|---|---|---|---|---|---|---|---|---|---|---|
| El ejemplar forma parte de la colección y puede ser consultado según las políticas vigentes. | Biblioteca del Museo Franz Mayer (Rogerio Casas-Alatriste) | Biblioteca del Museo Franz Mayer (Rogerio Casas-Alatriste) | 27/09/2013 | X7 | F2631 .S26 1953 (X7) | 8378 | 22/03/2019 | 22/03/2019 | Libros |